| 000 | 00791cab a2200241 4500 | ||
|---|---|---|---|
| 001 | WB3418-13 | ||
| 008 | 090401t1998 xxu||||| |||| 00| 0 eng d | ||
| 035 | _a(Sirsi) u86137 | ||
| 041 | _aeng | ||
| 245 | _aTrafalgar Square 2000 | ||
| 260 | _c1998 | ||
| 350 | _a0 | ||
| 490 |
_aDaily Telegraph _v11 May 1998, 1998(2) |
||
| 520 | _aSir Norman Foster`s final plans for pedestrianising large parts of Trafalgar Square, Whitehall and Parliament Square have been unveiled. If accepted, the first stages of the proposal could be implemented during 2000. | ||
| 650 | _aPARLIAMENT SQUARE | ||
| 650 | _aPEDESTRIANISATION | ||
| 650 | _aTRAFALGAR SQUARE | ||
| 650 | _aWHITEHALL | ||
| 650 | _aWORLD SQUARES FOR ALL | ||
| 690 | _aECONOMIC AND SOCIAL | ||
| 942 | _n0 | ||
| 948 | _c12/05/1998 | ||
| 999 |
_c54189 _d54189 |
||